| 000 | nam a22 a 4500 | ||
|---|---|---|---|
| 999 |
_c184049 _d184049 |
||
| 003 | BLK | ||
| 005 | 20220603083519.0 | ||
| 008 | 180411b bul|||||r ||||||| ||bul|| | ||
| 010 | _aKNG00193001000 | ||
| 040 | _aBLK | ||
| 041 |
_aBUL _cBUL |
||
| 072 | 7 |
_2bullib _aА _xФонд Михаил Арнаудов |
|
| 072 | 7 |
_2bullib _aЯ _xАвтографи |
|
| 080 |
_aБългарска литература _b821.163.2 _x-82 _z821.163.2-82 |
||
| 080 |
_aПериод на феодализма в българските земи (VII век -I пол. на XVIII век) _b94(497.2)"06/17" _z94(497.2)"06/17" |
||
| 100 | 1 |
_aДинеков, Петър Николов _eпърви автор _9363799 |
|
| 139 |
_aДинеков, Петър Николов _bД 62 |
||
| 245 | 1 | 0 |
_aСтаробългарски страници _bАнтология _cПетър Николов Динеков. |
| 257 | _aBGR | ||
| 260 |
_aСофия _bБълг. писател _c1966 |
||
| 300 |
_a508 с. _b8 л. ил. и факс. _c21 см |
||
| 380 | _aX | ||
| 490 |
_9396381 _aЧастна колекция - Академик Михаил Арнаудов _gДарение - Основен фонд |
||
| 500 | _aАвт. не е означен на кор. - Фонд Михаил Арнаудов - Фонд Михаил Арнаудов. - Твърда подв. | ||
| 500 | _aАвтограф с текст: На проф. М. Арнаудов с дълбоко уважение П. Динеков | ||
| 650 | 4 |
_aСтаробългарска литература _9253145 |
|
| 653 | _aстаробългарска литература | ||
| 659 | _aА | ||
| 659 | _aЯ | ||
| 852 |
_aЦб 40076 _bЦб |
||
| 852 |
_aМА 480 _bМА |
||
| 942 |
_cKNG _n0 _01 _s1 |
||
| 944 |
_aCR _c13.10.2016 _kХристина_Везирева |
||
| 944 |
_aED _c2022-06-03 _kГГГ |
||